| 000 | 00731nam a2200181 i 4500 | ||
|---|---|---|---|
| 001 | 134853 | ||
| 003 | ES-MaACL | ||
| 005 | 20240528062846.0 | ||
| 007 | t| | ||
| 008 | 070629s1939 gw ||||1| ger d | ||
| 100 | 1 |
_aTiemann, Hermann. _9110232 |
|
| 245 | 1 | 0 |
_aLope de Vega in Deutschland _b: Kritisches Gesamtverzeichnis der auf deutschen Bibliotheken vorhandenen èalteren Lope-Drucke und -Handschriften : nebst Versuch einer Bibliographie der deutschen Lope-Literatur 1626-1935 / _cvon Hermann Tiemann. |
| 260 |
_aHamburg : _bverlag von Luteke and Wulf, _c1939. |
||
| 300 |
_aXV, 310 p. : _bil. ; _c26 cm. |
||
| 600 | 1 | 4 |
_aVega, Lope de, _d1562-1635 _9113563 |
| 852 |
_aES-MaACL _jA-5265 _bR.18253 |
||
| 999 |
_c134853 _d134853 |
||